_Photography Lee Frost (Record no. 8445)
[ view plain ]
| 000 -LEADER | |
|---|---|
| fixed length control field | 00360nam a2200133Ia 4500 |
| 008 - FIXED-LENGTH DATA ELEMENTS--GENERAL INFORMATION | |
| fixed length control field | 151021s9999 xx 000 0 und d |
| 050 ## - LIBRARY OF CONGRESS CALL NUMBER | |
| Classification number | TR 146 .F885 2008 |
| 245 ## - TITLE STATEMENT | |
| Title | _Photography Lee Frost |
| 260 ## - PUBLICATION, DISTRIBUTION, ETC. (IMPRINT) | |
| Place of publication, distribution, etc. | London Teach Yourself 2008 |
| 300 ## - PHYSICAL DESCRIPTION | |
| Extent | xv;330p,ill. |
| 500 ## - GENERAL NOTE | |
| General note | Includes Index |
| 650 ## - SUBJECT ADDED ENTRY--TOPICAL TERM | |
| Topical term or geographic name as entry element | _Photography |
| 980 ## - EQUIVALENCE OR CROSS-REFERENCE-SERIES STATEMENT--PERSONAL NAME/TITLE [LOCAL, CANADA] | |
| Personal name | ^d20120113 11:36:09^okorir |
No items available.